1520 1892 1808 1149 1766 1602 1274 1648 1129 1004 1670 1260 1169 1910 1922 1379 1391 1432 1717 1564 1884 1973 1652 1318 1106 1791 1279 1794 1125 1177 1133 1489 1827 1724 1502 1027 1453 1543 1620 1887 1185 1501 1727 1914 2000 1899 1647 1657 1310 1018 1668 1197 1045 1225 1603 1391 1788 1252 1187 1367 1256 1319 1655 1377 1356 1777 1442 1145 1715 1153 1482 1105 1436 1786 1523 1811 1419 1683 1104 1038 1456 1485 1789 1386 1000 1821 1083 1752 1283 1143 1690 1585 1082 1182 1327 1649 1036 1681 1764 BCNSPRNW ULIB Ver.6.0+V

เปลี่ยนเป็นภาษาไทย

Change to English
 แสดงรายละเอียดบรรณานุกรม
  กลับหน้าหลัก

Brief Record : Get Marc (ISO 2709) : E-mail record : QR code < ปิดหน้าต่าง
LEADER : 00000nas 2200000uu 4500
001    13399114887
003     ULIB
008    020711s|||| th a 000 0 tha d
022    ^a08585814
110    ^aโรงพยาบาลศรีสังวาลย์
245    ^aวารสารโรงพยาบาลศรีสังวาลย์/^cโรงพยาบาลศรีสังวาลย์
260    ^aแม่ฮ่องสอน :^bโรงพยาบาลศรีสังวาลย์,^cม.ป.ป.
310    ^aรายปี
850 ^a ULIB^bปีที่ 1 ฉบับที่ 20 ;ปีที่ 1 ฉบับที่ 20 ฉ.2 ;ปีที่ 1 ฉบับที่ 21 ;ปีที่ 1 ฉบับที่ 22 ;ปีที่ 1 ฉบับที่ 22 ฉ.2 ;ปีที่ 1 ฉบับที่ 23 ฉ.1 ;ปีที่ 24 ฉบับที่ 1 ฉ.1 ;ปีที่ 27 ฉบับที่ 1 ฉ.1
945    ^p0^l0^i900451
945    ^p0^l0^i900452
945    ^p0^l0^i901329
945    ^p0^l0^i902109
945    ^p0^l0^i902110
945    ^p0^l0^i902784
945    ^p0^l0^i903921
945    ^p0^l0^i905595
999    ^aวรรณษา ชูชัยมงคล
รายการนี้ยังไม่มีแท็ก
คุณยังไม่ได้ล็อกอิน คุณสามารถมีกิจกรรมร่วมกับเว็บไซต์ได้ แต่ต้องล็อกอินก่อน ::
  ล็อกอิน

รายการสื่อสารสนเทศ (วารสาร)

ดูแบบ: กล่อง รายการ
ARRIVED
ปีที่ 1 ฉบับที่ 20
สถานที่: ห้องสมุดวิทยาเขตสวรรค์ประชารักษ์ >วารสาร
ARRIVED
ปีที่ 1 ฉบับที่ 21
สถานที่: ห้องสมุดวิทยาเขตสวรรค์ประชารักษ์ >วารสาร
ARRIVED
ปีที่ 1 ฉบับที่ 22
สถานที่: ห้องสมุดวิทยาเขตสวรรค์ประชารักษ์ >วารสาร
ARRIVED
ปีที่ 1 ฉบับที่ 23 ฉ.1
สถานที่: ห้องสมุดวิทยาเขตสวรรค์ประชารักษ์ >วารสาร
ARRIVED
ปีที่ 24 ฉบับที่ 1 ฉ.1
สถานที่: ห้องสมุดวิทยาเขตสวรรค์ประชารักษ์ >วารสาร
ARRIVED
ปีที่ 27 ฉบับที่ 1 ฉ.1
สถานที่: ห้องสมุดวิทยาเขตสวรรค์ประชารักษ์ >วารสาร
รายการใกล้เคียง
    ผู้แต่ง []

BibComment


ยังไม่เคยถูกคอมเมนท์

คอมเมนท์ทรัพยากรรายการนี้
  คอมเมนท์: วารสารโรงพยาบาลศ..


 Copyright 2026. Bcnsprnw @Library